Affectedness at the morphosyntax-semantics interface : (Record no. 1309423)

MARC details
000 -LEADER
fixed length control field 02822cam a22007215i 4500
001 - CONTROL NUMBER
control field 23581175
005 - DATE AND TIME OF LATEST TRANSACTION
control field 20250428110739.0
008 - FIXED-LENGTH DATA ELEMENTS--GENERAL INFORMATION
fixed length control field 240227t20242024gw a b 001 0 eng d
010 ## - LIBRARY OF CONGRESS CONTROL NUMBER
LC control number 2024933452
016 7# - NATIONAL BIBLIOGRAPHIC AGENCY CONTROL NUMBER
Record control number BD07764246
Source JP-ToKJK
020 ## - INTERNATIONAL STANDARD BOOK NUMBER
International Standard Book Number 9783111311012
020 ## - INTERNATIONAL STANDARD BOOK NUMBER
International Standard Book Number 3111311015
035 ## - SYSTEM CONTROL NUMBER
System control number (OCoLC)on1446540701
037 ## - SOURCE OF ACQUISITION
Terms of availability TB
040 ## - CATALOGING SOURCE
Original cataloging agency AL
Language of cataloging eng
Description conventions rda
Transcribing agency AL
Modifying agency AL
041 ## - LANGUAGE CODE
Source of code eng
Language code of text/sound track or separate title eng
042 ## - AUTHENTICATION CODE
Authentication code lccopycat
084 ## - COLON CLASSIFICATION NUMBER
Classification number P:3 R4
Assigning agency AL
100 1# - MAIN ENTRY--PERSONAL NAME
Personal name Kizilkaya, Semra,
Relator term author.
9 (RLIN) 753080
245 10 - TITLE STATEMENT
Title Affectedness at the morphosyntax-semantics interface :
Remainder of title evidence from differential object marking /
246 30 - VARYING FORM OF TITLE
Title proper/short title Evidence from differential object marking
260 ## - PUBLICATION, DISTRIBUTION, ETC.
Place of publication, distribution, etc. Berlin, Germany :
Name of publisher, distributor, etc. De Gruyter Mouton,
Date of publication, distribution, etc. 2024
264 #1 - PRODUCTION, PUBLICATION, DISTRIBUTION, MANUFACTURE, AND COPYRIGHT NOTICE
Date of production, publication, distribution, manufacture, or copyright notice [2024]
264 #4 - PRODUCTION, PUBLICATION, DISTRIBUTION, MANUFACTURE, AND COPYRIGHT NOTICE
Date of production, publication, distribution, manufacture, or copyright notice ©2024
300 ## - PHYSICAL DESCRIPTION
Extent xiv, 206p.
Other physical details illustrations ;
Dimensions 24 cm.
336 ## - CONTENT TYPE
Content type term text
Content type code txt
Source rdacontent
337 ## - MEDIA TYPE
Media type term unmediated
Media type code n
Source rdamedia
338 ## - CARRIER TYPE
Carrier type term volume
Carrier type code nc
Source rdacarrier
365 ## - TRADE PRICE
Price amount 109.95
Currency code EURO
490 1# - SERIES STATEMENT
Series statement Trends in linguistics. Studies and monographs,
International Standard Serial Number 1861-4302 ;
Volume/sequential designation volume 387
500 ## - GENERAL NOTE
General note Revision of the author's thesis (doctoral).
500 ## - GENERAL NOTE
General note Creative commons license: CC-BY-NC-ND.
504 ## - BIBLIOGRAPHY, ETC. NOTE
Bibliography, etc. note Includes bibliographical references (pages [193]-204) and index.
650 #0 - SUBJECT ADDED ENTRY--TOPICAL TERM
Topical term or geographic name entry element Grammar, Comparative and general
General subdivision Morphosyntax.
9 (RLIN) 753081
650 #0 - SUBJECT ADDED ENTRY--TOPICAL TERM
Topical term or geographic name entry element Semantics, Comparative.
9 (RLIN) 753082
650 #0 - SUBJECT ADDED ENTRY--TOPICAL TERM
Topical term or geographic name entry element Grammar, Comparative and general
General subdivision Syntax.
9 (RLIN) 753083
650 #0 - SUBJECT ADDED ENTRY--TOPICAL TERM
Topical term or geographic name entry element Turkish language
General subdivision Morphosyntax.
9 (RLIN) 753084
650 #0 - SUBJECT ADDED ENTRY--TOPICAL TERM
Topical term or geographic name entry element Turkish language
General subdivision Semantics.
9 (RLIN) 753085
650 #0 - SUBJECT ADDED ENTRY--TOPICAL TERM
Topical term or geographic name entry element Turkish language
General subdivision Syntax.
9 (RLIN) 753086
653 ## - INDEX TERM--UNCONTROLLED
Uncontrolled term Language arts & disciplines -- Linguistics -- General
653 ## - INDEX TERM--UNCONTROLLED
Uncontrolled term Language arts & disciplines -- Linguistics -- Semantics
653 ## - INDEX TERM--UNCONTROLLED
Uncontrolled term Social science -- Regional Studies
653 ## - INDEX TERM--UNCONTROLLED
Uncontrolled term Semantics & pragmatics
653 ## - INDEX TERM--UNCONTROLLED
Uncontrolled term Grammar, syntax & morphology
653 ## - INDEX TERM--UNCONTROLLED
Uncontrolled term Regional studies
653 ## - INDEX TERM--UNCONTROLLED
Uncontrolled term Differenzielle Objektmarkierung
653 ## - INDEX TERM--UNCONTROLLED
Uncontrolled term Türkisch
653 ## - INDEX TERM--UNCONTROLLED
Uncontrolled term Telizität
653 ## - INDEX TERM--UNCONTROLLED
Uncontrolled term Differential Object Marking
653 ## - INDEX TERM--UNCONTROLLED
Uncontrolled term Turkish
653 ## - INDEX TERM--UNCONTROLLED
Uncontrolled term Affectedness
653 ## - INDEX TERM--UNCONTROLLED
Uncontrolled term Telicity
653 ## - INDEX TERM--UNCONTROLLED
Uncontrolled term Event Structure
653 ## - INDEX TERM--UNCONTROLLED
Uncontrolled term Case Assignment
653 ## - INDEX TERM--UNCONTROLLED
Uncontrolled term Sprachwissenschaft, Literaturwissenschaft -- Allgemeine und Vergleichende Sprachwissenschaft
776 08 - ADDITIONAL PHYSICAL FORM ENTRY
International Standard Book Number 9783111311272
Relationship information PDF
776 08 - ADDITIONAL PHYSICAL FORM ENTRY
International Standard Book Number 9783111311630
Relationship information ePub
830 #0 - SERIES ADDED ENTRY--UNIFORM TITLE
Uniform title Trends in linguistics.
Name of part/section of a work Studies and monographs ;
Volume/sequential designation 387.
International Standard Serial Number 1861-4302
9 (RLIN) 753087
906 ## - LOCAL DATA ELEMENT F, LDF (RLIN)
a 0
b ibc
c copycat
d 2
e ncip
f 20
g y-gencatlg
942 ## - ADDED ENTRY ELEMENTS (KOHA)
Source of classification or shelving scheme Colon Classification (CC)
Koha item type Textbook
Classification part P:3 R4
Suppress in OPAC No
Holdings
Withdrawn status Lost status Source of classification or shelving scheme Damaged status Not for loan Home library Current library Date acquired Source of acquisition Cost, normal purchase price Inventory number Total Checkouts Full call number Barcode Date last seen Price effective from Koha item type
    Colon Classification (CC)     Arts Library Arts Library 2025-04-28 Classic Book Service 109.95 279 & 2025-02-27   P:3 R4 AL1804512 2025-04-28 2025-04-28 Textbook
Copyright @ Delhi University Library System